=LDR 00000nam 2200000 4500 =001 INLIS000000000004418 =005 20130612092701 =008 ***********************************Ind** =035 ##$$0010-061300000004418 =041 ##$$a Ind =082 ##$$a 028.5 =090 ##$$a 028.5, Ber m =100 ##$$a BERTINO, Andree =245 ##$$a Mexico city, ibu kota purba / Andree Bertino; alih bahasa Esther S. Manjani =260 ##$$a 1996 $b Jakarta : Alice Saputra Communication =300 ##$$a 24 hlm. : ilus. ; 20 cm =650 ##$$a Bacaan Kanak-kanak =700 ##$$a MANJANI, Esther S =850 ##$$a NBPNMAT